[Event "XXXV Rilton Cup"]
[Site "Stockholm SWE"]
[Date "2005.12.28"]
[Round "2"]
[White "Unmack,C"]
[Black "Khmelniker,I"]
[Result "0-1"]
[WhiteElo "2191"]
[BlackElo "2430"]

1.d4 Nf6 2.c4 g6 3.Nc3 d5 4.cxd5 Nxd5 5.e4 Nxc3 6.bxc3 Bg7 7.Bc4 O-O 8.Ne2 c5
9.Be3 Nc6 10.Rc1 cxd4 11.cxd4 Qa5+ 12.Kf1 Bd7 13.h4 Rac8 14.h5 e6 15.hxg6 hxg6
16.Qd3 Nb4 17.Qb3 Qa4 18.Qb1 Nd5 19.Bb3 Nxe3+ 20.fxe3 Qa6 21.Kf2 e5 22.dxe5 Bxe5
23.Nf4 Bg4 24.Rh4 Rxc1 25.Qxc1 Be6 26.Bxe6 fxe6 27.Qd2 Bg7 28.Rg4 Qb5 29.Kg1 g5
30.Nxe6 Rf1+ 31.Kh2 Qe5+ 32.Nf4 gxf4 33.Qd8+ Kh7 34.Rg5 Qxe4 35.Qd7 Rh1+
36.Kxh1 Qb1+ 37.Kh2 Qb2 38.Rh5+ Kg8 39.Qe8+ Bf8 40.Qg6+  0-1

[Event "Czech Chess Christmas"]
[Site "Litomysl CZE"]
[Date "2005.12.29"]
[Round "5"]
[White "Mejzlik,O"]
[Black "Toma,K"]
[Result "1/2-1/2"]
[WhiteElo "2105"]
[BlackElo "2238"]

1.c4 Nf6 2.Nc3 d5 3.cxd5 Nxd5 4.e4 Nxc3 5.bxc3 g6 6.d4 Bg7 7.Nf3 c5 8.Bb5+ Nc6
9.O-O O-O 10.Be3 Bg4 11.Bxc6 bxc6 12.e5 Qa5 13.h3 Be6 14.Qc2 Bf5 15.Qc1 Rfd8
16.g4 Bd3 17.Re1 cxd4 18.cxd4 Qd5 19.Nd2 f6 20.Qa3 Bb5 21.Qxe7 fxe5 22.dxe5 Bxe5
23.Ne4 Qxe4 24.Bg5 Re8 25.Rxe4 Rxe7 26.Rae1 Bh2+ 27.Kxh2 Rxe4 28.Rxe4 Rf8
29.Be3 a6  1/2-1/2

[Event "14th Donau Open"]
[Site "Aschach AUT"]
[Date "2005.12.30"]
[Round "6"]
[White "Zojer,S"]
[Black "Studnicka,T"]
[Result "1/2-1/2"]
[WhiteElo "2084"]
[BlackElo "2317"]

1.d4 Nf6 2.c4 g6 3.Nc3 d5 4.cxd5 Nxd5 5.e4 Nxc3 6.bxc3 Bg7 7.Bc4 c5 8.Be3 O-O
9.Ne2 Nc6 10.O-O Bd7 11.Qd2 Re8 12.f4 e6 13.Ng3 Qa5 14.Rad1 Rad8 15.e5 cxd4
16.cxd4 Qxd2 17.Rxd2 Na5 18.Bd3 Bc6 19.Rc2 Bd5 20.Ne4 Rc8 21.Rfc1 Rxc2 22.Rxc2 Nc6
23.Nd6 Rb8 24.Bc4 Nb4 25.Rb2 Bxc4 26.Nxc4 Nd5 27.Bd2 Bf8 28.g3 Rc8 29.Rc2 b5
30.Ne3 Rxc2 31.Nxc2 Be7 32.Kf2 h5 33.Kf3 Kf8 34.Ke4 Ke8 35.Ne3 Nb4 36.Bxb4 Bxb4
37.Nc2 Ba5 38.d5 exd5+ 39.Kxd5 Bb6 40.Nd4 a6 41.h3 Kd7 42.Nc6 Kc7 43.g4 hxg4
44.hxg4 Be3 45.f5 gxf5 46.gxf5 Bd2 47.f6 Bc3 48.Ne7 Kd7 49.Nf5 Ke8 50.Nd6+ Kf8
51.Ne4 b4 52.e6 fxe6+ 53.Kxe6 Bd4 54.Kd5 Bc3 55.Ke6 Bd4 56.Ng5 Bc5 57.Nh7+ Kg8
58.Ng5 a5 59.f7+ Kf8 60.Ne4 Bd4 61.Kd5  1/2-1/2

[Event "Masters"]
[Site "Hastings ENG"]
[Date "2005.12.31"]
[Round "4"]
[White "Chipanga,T"]
[Black "Webster,R"]
[Result "1-0"]
[WhiteElo "2189"]
[BlackElo "1968"]

1.d4 Nf6 2.c4 g6 3.Nc3 d5 4.cxd5 Nxd5 5.e4 Nxc3 6.bxc3 Bg7 7.Nf3 c5 8.Rb1 cxd4
9.cxd4 O-O 10.Be2 Qa5+ 11.Bd2 Qxa2 12.O-O b6 13.Qc1 Qe6 14.Ng5 Qd7 15.d5 Ba6
16.Bxa6 Nxa6 17.Qa3 Nc5 18.Bb4 Rfc8 19.Qf3 Qe8 20.Rfe1 e5 21.Red1 h6 22.Nh3 Nd7
23.Qd3 a6 24.g3 b5 25.Rdc1 Rxc1+ 26.Rxc1 Rc8 27.Rc6 Nb8 28.Rb6 Qd7 29.Kg2 Qa7
30.Qe3 Nd7 31.Rc6 Qb7 32.Qc3 Nb6 33.Rxb6  1-0

[Event "XXXV Rilton Cup"]
[Site "Stockholm SWE"]
[Date "2005.12.31"]
[Round "5"]
[White "Turpin,A"]
[Black "Ernst,T"]
[Result "1/2-1/2"]
[WhiteElo "2082"]
[BlackElo "2475"]

1.d4 Nf6 2.c4 g6 3.Nc3 d5 4.cxd5 Nxd5 5.e4 Nxc3 6.bxc3 Bg7 7.Bc4 c5 8.Be3 Nc6
9.Ne2 O-O 10.O-O Bg4 11.f3 Na5 12.Bxf7+ Rxf7 13.fxg4 Rxf1+ 14.Kxf1 Qd6 15.Kg1 Qe6
16.Qd3 Qc4 17.Qxc4+ Nxc4 18.Bf2 cxd4 19.cxd4 e5 20.d5 Bf8 21.Rc1 b5 22.Rc2 a6
23.Nc1 Nd6 24.Re2 Rc8 25.Nd3 Rc4 26.Nxe5 Rxe4 27.Kf1 Bg7 28.Nc6 Kf7 29.Bg3 Rxe2
30.Kxe2 Ne4 31.Be1 Nf6 32.Nb8 Nxd5 33.Nxa6 Ke6 34.Kd3  1/2-1/2

[Event "Masters"]
[Site "Hastings ENG"]
[Date "2006.01.02"]
[Round "6"]
[White "Poobalasingam,P"]
[Black "Andersen,Dani"]
[Result "1-0"]
[WhiteElo "2060"]
[BlackElo "2026"]

1.d4 Nf6 2.c4 g6 3.Nc3 d5 4.cxd5 Nxd5 5.e4 Nxc3 6.bxc3 Bg7 7.Bc4 O-O 8.Ne2 c5
9.O-O Nc6 10.Be3 Bd7 11.Rb1 a6 12.d5 Na5 13.Bd3 Qc7 14.Qd2 b5 15.f4 e6 16.f5 exf5
17.exf5 Bxf5 18.Rxf5 gxf5 19.Ng3 Nc4 20.Bxc4 bxc4 21.Nxf5 Be5 22.Bh6 Kh8
23.Re1 f6 24.Bxf8 Rxf8 25.Qh6 Rg8 26.d6 Qf7 27.Ne7 Rg7 28.Rb1 Bxd6 29.Nf5 Rxg2+
30.Kxg2 Qd5+ 31.Kg1 Qxf5 32.Rb8+  1-0

[Event "10th Open"]
[Site "Bad Zwesten GER"]
[Date "2006.01.03"]
[Round "3"]
[White "Shneider,A"]
[Black "Houhou,O"]
[Result "1-0"]
[WhiteElo "2529"]
[BlackElo "2247"]

1.d4 Nf6 2.c4 g6 3.Nc3 d5 4.cxd5 Nxd5 5.e4 Nxc3 6.bxc3 Bg7 7.Bc4 c5 8.Ne2 Nc6
9.Be3 O-O 10.O-O Bd7 11.Rb1 Rc8 12.dxc5 Na5 13.Bd3 Be6 14.Qc2 Bc4 15.Rfd1 Qc7
16.Qa4 Bxd3 17.Rxd3 Rfd8 18.Rxd8+ Rxd8 19.Nd4 Nc6 20.f4 Qd7 21.e5 g5 22.e6 fxe6
23.fxg5 Qd5 24.Qb3 Na5 25.Qxd5 exd5 26.Ne6 Rd7 27.Rf1 Nc6 28.Bd4 Nxd4 29.cxd4 b6
30.c6 Rd6 31.Rc1 Rxe6 32.c7  1-0

[Event "XXXV Rilton Cup"]
[Site "Stockholm SWE"]
[Date "2006.01.04"]
[Round "8"]
[White "Hultin,P"]
[Black "Jaracz,B"]
[Result "0-1"]
[WhiteElo "2065"]
[BlackElo "2281"]

1.d4 Nf6 2.c4 g6 3.Nc3 d5 4.cxd5 Nxd5 5.e4 Nxc3 6.bxc3 Bg7 7.Nf3 c5 8.Rb1 O-O
9.Be2 Nc6 10.d5 Ne5 11.Nxe5 Bxe5 12.Qd2 e6 13.Bc4 Qh4 14.Qe3 Bxc3+ 15.Qxc3 Qxe4+
16.Kd2 exd5 17.Bb2 f6 18.Be2 Bf5 19.Rbe1 d4 20.Qb3+ Kh8 21.Bf3 Qf4+ 22.Kd1 c4
23.Qxc4 Rac8 24.Qb3 Rc7 25.Re2 Rfc8 26.Rd2 Rc3 27.Qa4 Rxf3 28.Qxd4 Bg4 29.Qxf4 Rxf4+
30.Ke1 Re8+ 31.Kf1 Rfe4 32.Bxf6+ Kg8  0-1

[Event "10th Open"]
[Site "Bad Zwesten GER"]
[Date "2006.01.06"]
[Round "7"]
[White "Graf,A"]
[Black "Braun,A"]
[Result "1/2-1/2"]
[WhiteElo "2613"]
[BlackElo "2465"]

1.d4 Nf6 2.c4 g6 3.Nc3 d5 4.cxd5 Nxd5 5.e4 Nxc3 6.bxc3 Bg7 7.Nf3 c5 8.Rb1 O-O
9.Be2 Nc6 10.d5 Bxc3+ 11.Bd2 Bxd2+ 12.Qxd2 Na5 13.h4 Bg4 14.h5 Bxf3 15.gxf3 e5
16.Qc3 Re8 17.f4 exf4 18.hxg6 fxg6 19.Kf1 Rxe4 20.Bf3 Rd4 21.Qe1 Qc7 22.Qe6+ Kg7
23.Rb5 Rf8 24.Rxa5 Qxa5 25.Qe7+ Rf7 26.Rxh7+ Kxh7 27.Qxf7+ Kh6 28.Qf8+ Kh7
29.Qf7+ Kh6  1/2-1/2

[Event "Petrovskaya Ladya IM"]
[Site "Peterhof RUS"]
[Date "2006.01.08"]
[Round "6"]
[White "Eliseev,Alexe"]
[Black "Kosarev,D"]
[Result "1-0"]
[WhiteElo "2421"]
[BlackElo "2178"]

1.d4 Nf6 2.c4 g6 3.Nc3 d5 4.cxd5 Nxd5 5.e4 Nxc3 6.bxc3 Bg7 7.Bc4 c5 8.Ne2 Nc6
9.Be3 O-O 10.O-O Na5 11.Bd3 b6 12.Qd2 Bb7 13.Rac1 Rc8 14.Rfd1 Qc7 15.Bh6 e5
16.Bxg7 Kxg7 17.dxe5 Qxe5 18.f4 Qe6 19.Ng3 f6 20.Qe2 Rcd8 21.h4 Bc8 22.h5 Qg4
23.Qf2 g5 24.fxg5 fxg5 25.Nf5+ Bxf5 26.exf5 Qxh5 27.Qg3 Kg8 28.Bc2 h6 29.Rd6 Rxd6
30.Qxd6 Qe8 31.Rf1 Qe3+ 32.Kh1 Qxc3 33.Qe6+ Rf7 34.Be4 Qc4 35.Qg6+ Kf8 36.Rd1  1-0

[Event "Keres Mem A"]
[Site "Tallin EST"]
[Date "2006.01.10"]
[Round "5"]
[White "Vitiugov,N"]
[Black "Sakalauskas,V"]
[Result "0-1"]
[WhiteElo "2573"]
[BlackElo "2464"]

1.d4 Nf6 2.c4 g6 3.Nc3 d5 4.cxd5 Nxd5 5.e4 Nxc3 6.bxc3 Bg7 7.Nf3 c5 8.Be3 Qa5
9.Bd2 O-O 10.Be2 Qc7 11.O-O b6 12.Rb1 Nd7 13.d5 Nf6 14.Qc2 e5 15.Rfe1 Ne8
16.c4 Nd6 17.Bc3 Re8 18.Nd2 Bd7 19.Qb2 f6 20.Bd3 Rab8 21.Qc2 Re7 22.h4 f5
23.h5 f4 24.hxg6 hxg6 25.Nf3 Bf6 26.Be2 Rbe8 27.a4 Rh7 28.Nd2 Kg7 29.Bd3 Bg4
30.f3 Bd7 31.Nf1 Bh4 32.Red1 Nf7 33.Be1 Qd8 34.a5 Bxe1 35.Rxe1 Qh4 36.axb6 axb6
37.Qc3 Rh5 38.Rec1 Rg5 39.Rxb6 Rxg2+  0-1

[Event "Open"]
[Site "Zagreb CRO"]
[Date "2006.01.14"]
[Round "1"]
[White "Zigovecki,V"]
[Black "Banas,J"]
[Result "0-1"]
[WhiteElo "2044"]
[BlackElo "2374"]

1.d4 Nf6 2.c4 g6 3.Nc3 d5 4.cxd5 Nxd5 5.e4 Nxc3 6.bxc3 Bg7 7.Be3 c5 8.Bc4 O-O
9.Ne2 Nc6 10.O-O Na5 11.Bd3 cxd4 12.cxd4 b6 13.Rc1 e6 14.Qd2 Bb7 15.Bh6 Qe7
16.Bxg7 Kxg7 17.Rc2 Rac8 18.Rfc1 Rxc2 19.Rxc2 Rc8 20.Rxc8 Bxc8 21.d5 Bb7
22.Qc3+ Kg8 23.Qd4 exd5 24.exd5 Qc5 25.Qxc5 bxc5 26.Nf4 Kf8 27.d6 Ke8 28.g4 c4
29.Bc2 Kd7 30.h4 Kxd6 31.Kh2 Ke5 32.Kg3 Nc6 33.Ne2 Nd4 34.f4+ Kd5 35.Nc3+ Kc5
36.Bb1 Kb4 37.Nd1 Ne2+ 38.Kf2 Nxf4 39.Kg3 Ne2+ 40.Kf2 Nc3 41.Nxc3 Kxc3 42.h5 Kb2
43.hxg6 fxg6  0-1

[Event "Open"]
[Site "Zagreb CRO"]
[Date "2006.01.18"]
[Round "5"]
[White "Zaja,I"]
[Black "Banas,J"]
[Result "1/2-1/2"]
[WhiteElo "2466"]
[BlackElo "2374"]

1.d4 Nf6 2.c4 g6 3.Nc3 d5 4.cxd5 Nxd5 5.e4 Nxc3 6.bxc3 Bg7 7.Nf3 c5 8.Rb1 O-O
9.Be2 b6 10.O-O Bb7 11.Qd3 Ba6 12.Qe3 cxd4 13.cxd4 Bxe2 14.Qxe2 e6 15.Ba3 Re8
16.Rfc1 Qd7 17.Qc4 Qb7 18.d5 exd5 19.exd5 Qa6 20.Qxa6 Nxa6 21.d6 Red8 22.Rc4 Nc5
23.Rd1 Rd7 24.Bxc5  1/2-1/2

[Event "Open"]
[Site "Zagreb CRO"]
[Date "2006.01.19"]
[Round "6"]
[White "Jankovic,A"]
[Black "Brkic,A"]
[Result "1/2-1/2"]
[WhiteElo "2446"]
[BlackElo "2500"]

1.d4 Nf6 2.c4 g6 3.Nc3 d5 4.cxd5 Nxd5 5.e4 Nxc3 6.bxc3 Bg7 7.Nf3 c5 8.Rb1 O-O
9.Be2 Nc6 10.d5 Ne5 11.Nxe5 Bxe5 12.Rb3 c4 13.Bxc4 Qc7 14.Be2 Bxc3+ 15.Bd2 Bxd2+
16.Qxd2 Qe5 17.Rb4 Rd8 18.Rd4 Qd6 19.f4 e5 20.fxe5 Qxe5 21.O-O Rd6 22.Rc4 Bd7
23.Rfc1 b5 24.Qd4 Re8 25.Qxe5 Rxe5 26.Rd4 f5 27.Bf3 fxe4 28.Bxe4 Kf8 29.Rc7 a5
30.Kf2 Ke7 31.Ra7 a4 32.Ra8 h6 33.Bf3 g5 34.Ra7  1/2-1/2

[Event "2nd Bundesliga West 2005-6"]
[Site "Austria AUT"]
[Date "2006.01.20"]
[Round "6"]
[White "Heinritz,D"]
[Black "Karrer,G"]
[Result "0-1"]
[WhiteElo "1899"]
[BlackElo "1966"]

1.d4 Nf6 2.c4 d5 3.Nc3 g6 4.cxd5 Nxd5 5.e4 Nxc3 6.bxc3 Bg7 7.Rb1 O-O 8.Nf3 c5
9.Be2 Nc6 10.d5 Ne5 11.Nxe5 Bxe5 12.Qc2 Qc7 13.g3 e6 14.c4 exd5 15.cxd5 Rd8
16.O-O a6 17.Be3 b6 18.f4 Bg7 19.Bf3 Bb7 20.Rfd1 f6 21.Qb3 Rd6 22.Rdc1 Rb8
23.f5 g5 24.Bf2 a5 25.g4 Bf8 26.Bg3 Ba6 27.Qc3 c4 28.Qd4 Qd8 29.Qb2 Be7 30.h3 b5
31.Kg2 b4 32.Re1 a4 33.Qd2 c3 34.Qd4 Qb6 35.Qxb6 Rdxb6 36.Bxb8 Rxb8 37.Rbc1 Bd6
38.Be2 Bxe2 39.Rxe2 Be5 40.Rb1 b3 41.axb3 axb3 42.Kf3 c2 43.Rf1 Rc8 44.d6 Bxd6  0-1

[Event "Corus C"]
[Site "Wijk aan Zee NED"]
[Date "2006.01.20"]
[Round "6"]
[White "Li Shilong"]
[Black "Van der Weide,K"]
[Result "1-0"]
[WhiteElo "2543"]
[BlackElo "2466"]

1.d4 Nf6 2.c4 g6 3.Nc3 d5 4.cxd5 Nxd5 5.e4 Nxc3 6.bxc3 Bg7 7.Bc4 c5 8.Ne2 O-O
9.Be3 Nc6 10.h4 cxd4 11.cxd4 Qd6 12.Rb1 Rd8 13.Qb3 e6 14.e5 Qc7 15.Bd3 Na5
16.Qa3 Bf8 17.Qb2 Bd7 18.Bg5 Rdc8 19.O-O Nc4 20.Qxb7 Qxb7 21.Rxb7 Nb6 22.Be4 Bb5
23.Re1 Bc4 24.Nf4 Na4 25.Nh5 gxh5 26.Re3 Bg7 27.Rg3  1-0

[Event "Open"]
[Site "Zagreb CRO"]
[Date "2006.01.20"]
[Round "7"]
[White "Kozul,Z"]
[Black "Banas,J"]
[Result "1/2-1/2"]
[WhiteElo "2576"]
[BlackElo "2374"]

1.d4 Nf6 2.c4 g6 3.Nc3 d5 4.cxd5 Nxd5 5.e4 Nxc3 6.bxc3 Bg7 7.Nf3 c5 8.Rb1 O-O
9.Be2 b6 10.O-O Bb7 11.Qd3 Ba6 12.Qe3 cxd4 13.cxd4 Bxe2 14.Qxe2 e6 15.Ba3 Re8
16.Rbc1 Qd7 17.Qc4 b5 18.Qb3 a5 19.Rc5 b4 20.Bb2 a4 21.Qd3 Na6 22.Ra5 Nc7
23.Ne5 Qe7 24.Rc5 Na6 25.Nc6 Qb7 26.Rc2 Nb8 27.Rfc1 Nxc6 28.Rxc6 Rec8 29.R6c2 Rxc2
30.Qxc2 b3 31.axb3 axb3 32.Qd3 Rc8 33.Rxc8+  1/2-1/2

[Event "Winter Open"]
[Site "Belgrade SCG"]
[Date "2006.01.27"]
[Round "7"]
[White "Arandjelovic,D"]
[Black "Cukic,G2"]
[Result "1/2-1/2"]
[WhiteElo "2106"]
[BlackElo "1899"]

1.d4 Nf6 2.c4 g6 3.Nc3 d5 4.cxd5 Nxd5 5.e4 Nxc3 6.bxc3 Bg7 7.Nf3 O-O 8.Rb1 c5
9.Be2 Nc6 10.d5 Na5 11.c4 Bg4 12.Qc2 b6 13.h3 Bd7 14.Bb2 f6 15.e5 Bf5 16.Bd3 Bxd3
17.Qxd3 fxe5 18.Ng5 Qd6 19.Ne6 Rf7 20.Nxg7 Kxg7 21.Qe2 Kg8 22.Bxe5 Qd7 23.O-O Raf8
24.Bc3 Qd6 25.Bxa5 bxa5 26.Rb2 e6  1/2-1/2

[Event "Bundesliga 2005-6"]
[Site "Kreuzberg GER"]
[Date "2006.01.29"]
[Round "9"]
[White "Brynell,S"]
[Black "Braun,A"]
[Result "0-1"]
[WhiteElo "2493"]
[BlackElo "2491"]

1.d4 Nf6 2.c4 g6 3.Nc3 d5 4.cxd5 Nxd5 5.e4 Nxc3 6.bxc3 Bg7 7.Be3 c5 8.Qd2 O-O
9.Nf3 Qa5 10.Rb1 Nc6 11.Rb5 cxd4 12.Rxa5 dxe3 13.Qxe3 Nxa5 14.h4 Be6 15.h5 Rfc8
16.e5 Nc4 17.Bxc4 Rxc4 18.hxg6 hxg6 19.Ng5 Bd5 20.Rh7 Rg4 21.g3 Bxa2 22.Rh2 Bd5
23.f4 Rxg5 24.fxg5 a5 25.Qc5 Be6 26.Qxe7 Bxe5 27.Re2 Bxc3+ 28.Kf2 Bd4+ 29.Ke1 Bd5
30.Qd6 Bc3+ 31.Kf2 Bc4 32.Re4 b5 33.Qc6 Rd8 34.Rxc4 bxc4 35.Qxc4 Bb4 36.Kf3 Rb8
37.Qc6 Rd8 38.Ke4 Rd6 39.Qe8+ Kg7 40.Qe5+ Kh7 41.Qb5 Re6+ 42.Kf3 Kg7 43.Qd5 Re8
44.Qd7 Kf8 45.Qd4 Kg8 46.Qd5 Rb8 47.Qc6 Rd8 48.Ke4 Rd1 49.Qe8+ Bf8 50.Qa4 Re1+
51.Kf3 Re5 52.Kg4 Rd5 53.Qe4 Rf5 54.Qc6 Kg7 55.Qd7 Bc5 56.Qe8 Bd4 57.Qc6 Bc5
58.Qe8 Ba3 59.Qe3 Bf8 60.Qe8 Rc5 61.Kh4 Rc4+ 62.g4 a4 63.Qe1 Kg8 64.Qe2 Rb4
65.Qd3 a3 66.Qb3 Be7 67.Qe3 Bf8 68.Qb3 Re4 69.Qc2 Re6 70.Kg3 Re5 71.Kh4 Re1
72.Qd2 Ra1 73.Qd8 Rh1+  0-1

[Event "Open"]
[Site "Moscow RUS"]
[Date "2006.01.31"]
[Round "3"]
[White "Gladyszev,O"]
[Black "Nepomniachtchi,I"]
[Result "1/2-1/2"]
[WhiteElo "2427"]
[BlackElo "2506"]

1.d4 Nf6 2.c4 g6 3.Nc3 d5 4.cxd5 Nxd5 5.e4 Nxc3 6.bxc3 Bg7 7.Nf3 c5 8.Rb1 O-O
9.Be2 cxd4 10.cxd4 Qa5+ 11.Bd2 Qxa2 12.O-O b6 13.Qc1 Qe6 14.Re1 Ba6 15.Bd1 Bd3
16.Rb3 Bc4 17.Rc3 b5 18.Bh6 Nd7 19.Bxg7 Kxg7 20.Ng5 Qb6 21.Rh3 Rh8 22.d5 h6
23.Nf3 e5 24.Qa1 Qd6 25.Nd2 Qb4 26.Bg4 Nf6 27.Nxc4 bxc4 28.Be2 Nxe4 29.Bxc4 Qxc4
30.Rh4 Qxd5 31.Rhxe4 Rhd8 32.Rxe5 Qd4 33.Ra5 Qxa1 34.Rexa1 a6 35.h4 Rd6 36.g3 Kf6
37.Kg2 Ke6 38.h5 g5 39.g4 Kd7 40.Kg3 Kc7 41.R5a3 Kb7 42.Rb3+ Rb6 43.Rf3 f6
44.Re1 a5 45.Re7+ Ka6 46.Rh7 a4 47.Rxh6 Kb5 48.Rf5+ Kb4 49.f4 a3 50.fxg5 a2
51.Rf1 Ra3+ 52.Kg2 Kc5 53.Rhxf6  1/2-1/2

[Event "ch-Serbia"]
[Site "Vrnjacka Banja SCG"]
[Date "2006.02.01"]
[Round "4"]
[White "Ristic,Neb2"]
[Black "Misailovic,N"]
[Result "0-1"]
[WhiteElo "2266"]
[BlackElo "2342"]

1.d4 Nf6 2.c4 g6 3.Nc3 d5 4.cxd5 Nxd5 5.e4 Nxc3 6.bxc3 Bg7 7.Bb5+ c6 8.Ba4 O-O
9.Ne2 c5 10.d5 e6 11.O-O exd5 12.exd5 Nd7 13.Be3 Qa5 14.Rb1 Nb6 15.Bb5 Bf5
16.Bxc5 Bxb1 17.Bxf8 Bxa2 18.Bxg7 Kxg7 19.Qd4+ Kg8 20.c4 a6 21.Nc3 axb5 22.c5 Bc4
23.Rd1 Nd7 24.Ne4 Bb3 25.Rf1 Qa4 26.Qd3 Bc2 27.Qh3 Bxe4 28.Qxd7 Qc4 29.Re1 Qxd5
30.Qxb5 Bxg2 31.Re8+ Rxe8 32.Qxe8+ Kg7 33.h4 Be4 34.Kh2 Qf5 35.Kg1 Qf4 36.Qe5+ Qxe5  0-1

[Event "TCh-FRA Top 16 Gp A"]
[Site "Clichy FRA"]
[Date "2006.02.05"]
[Round "3"]
[White "Duquesnoy,JP"]
[Black "Brih,S"]
[Result "1-0"]
[WhiteElo "2242"]
[BlackElo "2224"]

1.d4 Nf6 2.c4 g6 3.Nc3 d5 4.cxd5 Nxd5 5.e4 Nxc3 6.bxc3 Bg7 7.Bc4 O-O 8.Ne2 c5
9.O-O Nc6 10.Be3 Qc7 11.Rc1 Rd8 12.Bf4 Qd7 13.d5 Na5 14.Bd3 b6 15.c4 Ba6
16.Bd2 Nb7 17.Bc3 Rac8 18.Bxg7 Kxg7 19.Qb3 Kg8 20.Qa3 Na5 21.f4 e6 22.f5 exf5
23.exf5 Qe7 24.Kh1 Bxc4 25.Rxc4 Nxc4 26.Bxc4 Rd6 27.Qh3 Rb8 28.Nc3 Qe5 29.Nb5 Rf6
30.Nxa7 Qe4 31.Qc3 Rxf5 32.Re1 Qd4 33.Qxd4 cxd4 34.Nc6  1-0

[Event "ch-GER"]
[Site "Osterburg GER"]
[Date "2006.02.06"]
[Round "4"]
[White "Bischoff,D"]
[Black "Zuse,KP"]
[Result "1/2-1/2"]
[WhiteElo "2147"]
[BlackElo "2333"]

1.d4 Nf6 2.c4 g6 3.Nc3 d5 4.cxd5 Nxd5 5.e4 Nxc3 6.bxc3 Bg7 7.Nf3 O-O 8.Be2 c5
9.Rb1 b6 10.O-O Bb7 11.Qd3 Ba6 12.Qe3 Qd7 13.Bxa6 Nxa6 14.Qe2 Qa4 15.Rb3 Nb8
16.d5 c4 17.Rb4 Qa6 18.Nd4 Rc8 19.Rd1  1/2-1/2

[Event "ch-GER"]
[Site "Osterburg GER"]
[Date "2006.02.07"]
[Round "5"]
[White "Kunin,V"]
[Black "Graf,A"]
[Result "1/2-1/2"]
[WhiteElo "2462"]
[BlackElo "2604"]

1.d4 Nf6 2.c4 g6 3.Nc3 d5 4.cxd5 Nxd5 5.e4 Nxc3 6.bxc3 Bg7 7.Nf3 c5 8.Be3 Qa5
9.Qd2 Nc6 10.Rc1 e6 11.d5 exd5 12.exd5 Ne7 13.c4 Qxd2+ 14.Nxd2 b6 15.Bd3 f6
16.O-O Kf7 17.Rfe1 Nf5 18.Bf4 Bh6 19.Bxh6 Nxh6 20.Ne4 Rd8 21.Ng3 Bd7 22.h4 Re8
23.h5 Kg7 24.hxg6 hxg6 25.f3 Rxe1+ 26.Rxe1 Re8 27.Rxe8 Bxe8 28.Kf2 Nf7 29.f4 Nd6
30.Ne4 Nxe4+ 31.Bxe4 Kf7 32.Ke3 Ke7 33.Kd2 g5 34.g3 b5 35.cxb5 Bxb5 36.Kc3 Be2
37.Bh7 Kd6 38.Bg8 Bf3 39.Kc4 Be4 40.a3 Bf3 41.Bf7 Be2+ 42.Kc3 a5 43.Bg8 Bd1
44.Bf7 a4 45.Bg8 Bb3 46.Bf7 Bxd5 47.Bg6 Bb3 48.Bh7 Bd1 49.Kd2 Bf3 50.Bc2 Bc6
51.Kc3 Bb5 52.Be4 Ke6 53.Bg6 Ke7 54.Bf5 Kf7 55.Be4 gxf4 56.gxf4 Kg7 57.Bc2 Kh6
58.Bd1 Kg6 59.Bg4 Kg7 60.Bh5 Kf8 61.Bd1 Ke7 62.Bc2 Kd6 63.Be4 Ke6 64.Bc2 Kd5
65.Bg6 Ba6 66.Bc2 Be2 67.Kd2 Bb5 68.Kc3 Bd7 69.Bd3 Kd6 70.Be4 Bc6 71.Bc2 Bb5
72.Be4 Ke6 73.Bc2 Kf7 74.Bf5 Kg7 75.Bc2 Kh6 76.Bd1 Kg6 77.Bg4 Bf1 78.Bd7 Ba6
79.Kd2 Bc4 80.Bxa4 Kf5 81.Ke3 Ke6 82.Bd1 Kd6 83.Bf3 Kc7 84.Kd2 Kb6 85.Kc3 Be6
86.Be2 Bd7 87.Bd3  1/2-1/2

[Event "FSIMB February"]
[Site "Budapest HUN"]
[Date "2006.02.11"]
[Round "8"]
[White "Galyas,M"]
[Black "To Nhat Minh"]
[Result "1-0"]
[WhiteElo "2374"]
[BlackElo "2175"]

1.d4 Nf6 2.c4 g6 3.Nc3 d5 4.cxd5 Nxd5 5.e4 Nxc3 6.bxc3 Bg7 7.Bc4 c5 8.Ne2 O-O
9.O-O Nc6 10.Be3 Bd7 11.Rb1 a6 12.dxc5 Qc7 13.f4 Rad8 14.Qc2 Na5 15.Bd5 Bg4
16.Ng3 h5 17.h3 Bc8 18.a4 e6 19.Ba2 Bd7 20.e5 Bc6 21.Ne4 Bxe4 22.Qxe4 Nc6
23.Rb6 Rd7 24.Rfb1 Rc8 25.Bc4 Rb8 26.Kh2 Rdd8 27.Be2 Bf8 28.Bf3 Rd5 29.Qc4 Na5
30.Qb4 Bxc5 31.Qxa5 Bxe3 32.Bxd5 Bxb6 33.Rxb6 exd5 34.Rxg6+  1-0

[Event "TCh-FIN 2005-6"]
[Site "Tampere FIN"]
[Date "2006.02.11"]
[Round "7"]
[White "Maki,J"]
[Black "Anttila,P"]
[Result "1-0"]
[WhiteElo "2256"]
[BlackElo "2011"]

1.d4 g6 2.c4 Nf6 3.Nc3 d5 4.cxd5 Nxd5 5.e4 Nxc3 6.bxc3 Bg7 7.Bc4 c5 8.Ne2 O-O
9.O-O Nc6 10.Be3 Qa5 11.Rb1 cxd4 12.cxd4 a6 13.Qc2 Kh8 14.Rfd1 Rb8 15.Bf4 e5
16.Bg3 b5 17.Bd5 Ne7 18.Bb3 Bb7 19.Bxe5 Bxe5 20.dxe5 b4 21.f4 g5 22.Rd7 Qb6+
23.Kh1 Qe3 24.Rxe7 Bxe4 25.Qb2 gxf4 26.e6+ f6 27.Ng1 Bxb1 28.Qxb1 f5 29.Qd1 f3
30.Nxf3 Rfc8 31.Qd7 Qh6 32.Qd4+ Kg8 33.Rc7  1-0

[Event "1st Korea International"]
[Site "Ilsan KOR"]
[Date "2006.02.15"]
[Round "1"]
[White "Gilbert,Je"]
[Black "Giles,B"]
[Result "1-0"]
[WhiteElo "2098"]
[BlackElo "2030"]

1.d4 Nf6 2.c4 g6 3.Nc3 d5 4.cxd5 Nxd5 5.e4 Nxc3 6.bxc3 Bg7 7.Bc4 c5 8.Ne2 O-O
9.O-O Nc6 10.Be3 cxd4 11.cxd4 Bg4 12.f3 Na5 13.Bd3 Bd7 14.Rb1 b6 15.Qe1 e6
16.Qg3 Qe7 17.f4 Qa3 18.Bc1 Qxa2 19.f5 exf5 20.exf5 Rfe8 21.Rf2 Qd5 22.h4 Rxe2
23.Rxe2 Bxd4+ 24.Be3 Bxf5 25.Rb5 Be5 26.Qf2 Qxd3 27.Rxe5 Nc4 28.Re7 Nxe3
29.R2xe3 Qd6 30.Re1 h5 31.Qb2 f6 32.Qa2+ Kh8 33.Qf7 Qd4+ 34.R1e3 Qd1+ 35.Kh2 Qd6+
36.g3 Qd2+ 37.Re2 Qh6 38.Re8+  1-0

[Event "Bundesliga 2005-6"]
[Site "Hamburg GER"]
[Date "2006.02.18"]
[Round "10"]
[White "Pelletier,Y"]
[Black "Krasenkow,M"]
[Result "1-0"]
[WhiteElo "2579"]
[BlackElo "2636"]

1.d4 Nf6 2.c4 g6 3.Nc3 d5 4.cxd5 Nxd5 5.e4 Nxc3 6.bxc3 Bg7 7.Nf3 c5 8.Rb1 O-O
9.Be2 cxd4 10.cxd4 Qa5+ 11.Bd2 Qxa2 12.O-O Bg4 13.Bg5 h6 14.Be3 Nc6 15.d5 Bxf3
16.gxf3 Na5 17.Bc5 Rfc8 18.Bb4 Be5 19.f4 Bxf4 20.Bg4 Rc4 21.Ra1 Qb2 22.Bxa5 Rxe4
23.Re1 Rxe1+ 24.Qxe1 Qf6 25.Bh3 Qg5+ 26.Bg2 Rc8 27.Bb4 Rc7 28.h3 b6 29.Qe2 Bd6
30.Bxd6 exd6 31.Qb2 Kh7 32.Re1 Re7 33.Rd1 Qf4 34.Qb5 Re5 35.Qd3 Re7 36.Qb5 Re5
37.Qd3 Qb4 38.Kf1 Re7 39.Rc1 Qf4 40.Rc2 a5 41.Qc3 Qa4 42.Rc1 Re5 43.Qc7 Qf4
44.Rb1 a4 45.Qxb6 a3 46.Qa7 Rf5 47.Ra1 Qd2 48.Kg1 Qb2 49.Qxa3 Qxf2+ 50.Kh1 Qd4
51.Re1 Qd2 52.Rg1 Rf6 53.Qa7 Rf2 54.Qa4 Qe3 55.Qc4 Kg7 56.Qc1 Qxc1 57.Rxc1 Kf6
58.Kg1 Rd2 59.Rc7 Ra2 60.Rd7 Ra6 61.Kf2 g5 62.Bf3 Kg6 63.Rc7 Ra8 64.Rd7 Ra6
65.Be2 Rb6 66.Bd3+ Kf6 67.Ke3 Ke5 68.Bc4 Rb4 69.Kd3 f5 70.Re7+ Kf4 71.Re6 Rb6
72.Rxh6 g4 73.hxg4 fxg4 74.Kd4 g3 75.Rg6 Kf3 76.Rf6+ Kg2 77.Bd3 Kg1 78.Be4 Ra6
79.Rg6 Kf2 80.Rf6+ Kg1 81.Ke3 Rb6 82.Rg6 Kh2 83.Rh6+  1-0

[Event "US Amateur Team East"]
[Site "Parsippany USA"]
[Date "2006.02.19"]
[Round "4"]
[White "Bonin,J"]
[Black "London,D"]
[Result "1/2-1/2"]
[WhiteElo "2325"]
[BlackElo "2418"]

1.d4 Nf6 2.c4 g6 3.Nc3 d5 4.cxd5 Nxd5 5.e4 Nxc3 6.bxc3 Bg7 7.Nf3 c5 8.Bb5+ Nd7
9.O-O O-O 10.Rb1 Nf6 11.Bd3 b6 12.h3 Bb7 13.Re1 Qc7 14.Bg5 h6 15.Bd2 e6 16.Qc1 cxd4
17.cxd4 Qxc1 18.Rbxc1 Rac8 19.Bf4 Rfd8 20.Rxc8 Rxc8 21.Nd2 Ne8 22.Nf3 Nf6
23.Nd2 Ne8 24.Nf3  1/2-1/2

[Event "EU-chT Seniors"]
[Site "Dresden GER"]
[Date "2006.02.21"]
[Round "5"]
[White "Perk,E"]
[Black "Scholze,R"]
[Result "1-0"]
[WhiteElo "2057"]
[BlackElo "2050"]

1.c4 Nf6 2.Nc3 d5 3.cxd5 Nxd5 4.e4 Nxc3 5.bxc3 g6 6.d4 Bg7 7.Be3 c5 8.Qd2 cxd4
9.cxd4 O-O 10.Bc4 Nc6 11.Ne2 Na5 12.Bd3 Bg4 13.f3 Be6 14.Rc1 f5 15.Nf4 Bd7
16.e5 e6 17.O-O b6 18.Ne2 Rc8 19.Bg5 Qe8 20.Ba6 Rxc1 21.Rxc1 Bb5 22.Bxb5 Qxb5
23.Rc7 Rf7 24.Rc8+ Rf8 25.Qc2 Qd7 26.Rc7 Qd5 27.Qa4 h6 28.Be7 Rb8 29.Nf4 b5
30.Qb4 Qxa2 31.Rxa7 Qa1+ 32.Kf2 Qc1 33.Ne2 Nc6 34.Nxc1 Nxb4 35.Bxb4 Bf8 36.Bxf8 Kxf8
37.Ke2 b4 38.Ra2 Ke7 39.Rb2 Kd7 40.Nd3 b3 41.Rxb3  1-0

[Event "13th Open Metalis"]
[Site "Bizovac CRO"]
[Date "2006.02.23"]
[Round "1"]
[White "Ghersinich,G"]
[Black "Rogulj,B"]
[Result "1/2-1/2"]
[WhiteElo "1976"]
[BlackElo "2388"]

1.d4 Nf6 2.c4 g6 3.Nc3 d5 4.cxd5 Nxd5 5.e4 Nxc3 6.bxc3 Bg7 7.Be3 c5 8.Bc4 Qa5
9.Ne2 cxd4 10.Bxd4 O-O 11.Bxg7 Kxg7 12.O-O Nc6 13.Qc2 Qc5 14.Bb3 b6 15.Rad1 e6
16.Kh1 Ba6 17.c4 Rfd8 18.f4 Qe3 19.f5 e5 20.Rd5 Nb4 21.Qb2 Nxd5 22.exd5 Kg8
23.Rf3 Qe4 24.Ng3 Qd4 25.Qc1 e4 26.Rf4 Re8 27.f6 Re5 28.Rf5 Rxf5 29.Nxf5 Qxf6
30.Nh6+ Kh8 31.h3 Re8 32.d6 Bc8 33.c5 e3 34.Nxf7+ Kg7 35.c6 Bxh3 36.gxh3 Qf3+
37.Kh2 Qf2+ 38.Kh1 e2 39.Qh6+ Kf6 40.Qg5+ Kg7  1/2-1/2

[Event "IX Malaga Open"]
[Site "Campillos ESP"]
[Date "2006.02.26"]
[Round "2"]
[White "Rodriguez Lopez,R"]
[Black "Khamrakulov,I"]
[Result "0-1"]
[WhiteElo "2267"]
[BlackElo "2499"]

1.d4 Nf6 2.c4 g6 3.Nc3 d5 4.cxd5 Nxd5 5.e4 Nxc3 6.bxc3 Bg7 7.Qa4+ Nd7 8.Nf3 O-O
9.Bg5 c5 10.Rc1 Nf6 11.Bd3 h6 12.Bf4 Bg4 13.Nd2 Nh5 14.Be3 Qc7 15.d5 Nf4
16.Bf1 g5 17.h3 Bd7 18.Qa3 b6 19.h4 e6 20.hxg5 hxg5 21.dxe6 Bxe6 22.Nf3 g4
23.Ng5 Rad8 24.Nxe6 fxe6 25.Qb2 Qc6 26.Qc2 c4 27.Bxf4 Rxf4 28.Be2 Rxe4 29.O-O Rf8
30.g3 Rf5 31.f3 Re3 32.Kf2 Rxc3 33.Qd2 Rcxf3+ 34.Bxf3 Qxf3+ 35.Kg1 Qxg3+
36.Kh1 Qh4+  0-1